|
|
|
|
| LEADER |
00000nta a2200000 i 4500 |
| 001 |
dolg20235 |
| 005 |
20190910153246.0 |
| 008 |
190430suuuu hu om 000 hun d |
| 040 |
|
|
|a BGE Dolgozattár Repozitórium
|b hun
|
| 041 |
|
|
|a hu
|
| 100 |
1 |
|
|a Zsalakó Zsolt
|
| 245 |
1 |
2 |
|a A Praktiker webshop működésének bemutatása. Az internetes marketing eszközök elemzése.
|c Zsalakó Zsolt
|h [elektronikus dokumentum]
|
| 695 |
|
|
|a Webáruház, webshop
|
| 695 |
|
|
|a marketing elemzés
|
| 700 |
1 |
|
|a Kozák Dr. Tamás József
|e ths
|
| 856 |
4 |
0 |
|u http://dolgozattar.uni-bge.hu/20235/1/Zsalak%C3%B3-Zsolt_DCV53U_KM.pdf
|z Dokumentum-elérés
|
| 856 |
4 |
0 |
|u http://dolgozattar.uni-bge.hu/20235/7/titkositas_Zsalak%C3%B3_Zsolt.pdf
|z Dokumentum-elérés
|